Sports Quiz

Random Sports or Football Quiz

European Soccer Coaches Quiz Stats

 Plays Quiz not verified by Sporcle

Score 0/98 Timer 12:00
0 Plays Today
League Coach % Correct
Premier League (England)Arsène Wenger
96%
La Liga (Spain)José Mourinho
93.1%
La Liga (Spain)Pep Guardiola
91.4%
Premier League (England)Sir Alex Ferguson
89.1%
Premier League (England)Roberto Mancini
76.4%
Ligue 1 (France)Carlo Ancelotti
74.7%
Seria A (Italy)Antonia Conte
72.4%
Bundesliga (Germany)Jürgen Klopp
70.7%
Premier League (England)Roberto di Matteo
66.7%
La Liga (Spain)Diego Simeone
63.8%
Premier League (England)David Moyes
63.2%
Seria A (Italy)Massimiliano Allegri
60.9%
Premier League (England)Harry Redknapp
58.6%
Bundesliga (Germany)Jupp Heynckes
58%
Premier League (England)Brendan Rodgers
54%
Premier League (England)Roberto Martinez
49.4%
La Liga (Spain)Juan Ignacio Martínez
49.4%
La Liga (Spain)Manuel Pellegrini
49.4%
Premier League (England)Alan Pardew
48.3%
Premier League (England)Kenny Dalglish
47.1%
La Liga (Spain)Marcelo Bielsa
44.8%
Ligue 1 (France)Didier Deschamps
43.7%
Premier League (England)Mark Hughes
42.5%
La Liga (Spain)Luis García Plaza
42%
La Liga (Spain)Unai Emery
42%
Ligue 1 (France)Rudi Garcia
42%
Premier League (England)Martin Jol
41.4%
Premier League (England)Roy Hodgson
40.2%
Premier League (England)Tony Pulis
38.5%
Bundesliga (Germany)Felix Magath
36.8%
Seria A (Italy)Luis Enrique
34.5%
Premier League (England)Martin O'Neill
33.3%
La Liga (Spain)Mauricio Pochettino
29.3%
League Coach % Correct
Premier League (England)Steve Kean
27.6%
Bundesliga (Germany)Thomas Tuchel
27%
Ligue 1 (France)Jean Fernandez
26.4%
Bundesliga (Germany)Lucien Favre
25.9%
Ligue 1 (France)Rémi Garde
25.9%
Premier League (England)Paul Lambert
25.3%
Seria A (Italy)Walter Mazzari
25.3%
Ligue 1 (France)Daniel Sanchez
24.1%
Premier League (England)Alex McLeish
23.6%
Premier League (England)Owen Coyle
21.8%
Bundesliga (Germany)Thomas Schaaf
21.3%
Seria A (Italy)Roberto Donadoni
20.7%
Ligue 1 (France)René Girard
20.7%
Ligue 1 (France)Christian Gourcuff
20.1%
Bundesliga (Germany)Huub Stevens
19.5%
Seria A (Italy)Delio Rossi
17.8%
Seria A (Italy)Edoardo Reja
17.2%
Seria A (Italy)Francesco Guidolin
16.7%
Bundesliga (Germany)Markus Babbel
16.1%
Seria A (Italy)Andrea Stramaccioni
14.4%
Bundesliga (Germany)Bruno Labbadia
14.4%
Bundesliga (Germany)Mirko Slomka
14.4%
Bundesliga (Germany)Thorsten Fink
13.8%
Ligue 1 (France)Christophe Galtier
13.8%
Ligue 1 (France)Francis Gillot
13.2%
Ligue 1 (France)Frédéric Antonetti
13.2%
Bundesliga (Germany)Robin Dutt
12.6%
Premier League (England)Terry Connor
11.5%
Ligue 1 (France)Alain Casanova
11.5%
Bundesliga (Germany)Dieter Hecking
10.9%
La Liga (Spain)Philippe Montanier
10.3%
Bundesliga (Germany)Otto Rehhagel
10.3%
Ligue 1 (France)Alex Dupont
10.3%
League Coach % Correct
Ligue 1 (France)Franck Dumas
10.3%
Ligue 1 (France)Pablo Correa
10.3%
Bundesliga (Germany)Jos Luhukay
9.8%
Seria A (Italy)Stefano Pioli
9.2%
Ligue 1 (France)Patrice Carteron
8.6%
La Liga (Spain)Pepe Mel
8%
La Liga (Spain)Míchel González
8%
Bundesliga (Germany)Christian Streich
8%
La Liga (Spain)Juanjo González
7.5%
Seria A (Italy)Davide Ballardini
7.5%
Seria A (Italy)Serse Cosmi
7.5%
La Liga (Spain)José Luis Mendilibar
6.9%
Seria A (Italy)Stefano Colantuono
5.2%
Bundesliga (Germany)Ståle Solbakken
5.2%
La Liga (Spain)Manolo Jiménez
4.6%
Seria A (Italy)Emiliano Mondonico
4.6%
Ligue 1 (France)Éric Hély
4.6%
La Liga (Spain)Joaquín Caparrós
4%
La Liga (Spain)Javier Clemente
4%
Bundesliga (Germany)Marco Kurz
4%
Ligue 1 (France)Olivier Pantaloni
4%
Ligue 1 (France)Jean-Guy Wallemme
4%
Seria A (Italy)Vincezco Montello
2.9%
La Liga (Spain)José Ramón Sandoval
1.7%
Seria A (Italy)Mario Beretta
1.7%
Seria A (Italy)Domenico Di Carlo
1.7%
Seria A (Italy)Pasquale Marino
1.7%
Seria A (Italy)Giuseppe Sannino
1.7%
La Liga (Spain)Abel Resino
0.6%
La Liga (Spain)José Francisco Molina
0.6%
Ligue 1 (France)René Marsiglia
0.6%
Seria A (Italy)Bortolo Mutti
0%

You're not logged in!

Compare scores with friends on all Sporcle quizzes.
OR
Log In

Show Comments

Extras

Top Quizzes Today


Score Distribution

Your Account Isn't Verified!

In order to create a playlist on Sporcle, you need to verify the email address you used during registration. Go to your Sporcle Settings to finish the process.

Report this User

Report this user for behavior that violates our Community Guidelines.

Details: